000 02939cam a22003135a 4500
001 016912694
003 OSt
005 20160727123739.0
008 141027s2014 enk frb f001 0 eng d
015 _aGBB4B9299
_2bnb
016 7 _a016912694
_2Uk
020 _a9781107471047 (pbk.)
040 _aStDuBDS
_beng
_cStDuBDS
_dEG-ScBUE
082 0 4 _a341.48
_bEXA
_222
245 0 0 _aExamining critical perspectives on human rights /
_cedited by Rob Dickinson ... [et al.]
260 _aCambridge ;
_aNew York :
_bCambridge University Press,
_c2014.
300 _axi, 292 p. ;
_c23 cm.
500 _aOriginally published : 2012.
500 _aIndex : p. 279-292.
504 _aIncludes bibliographical references.
505 _apt. I. Introduction -- Examining critical perspectives on human rights : an introduction / Ole W. Pedersen & C.R.G. Murray -- The international human rights regime : still part of the problem? / David Kennedy -- pt. II. Domestic human rights perspectives -- What is the point of human rights law? / K.D. Ewing -- If you cannot change the rules of the game, adapt to them : United Kingdom responses to the restrictions set by Article 3 ECHR on 'national security' deportations / David Bonner -- The right to security : securing rights or securitizing rights? / Liora Lazarus -- Of fortresses and caltrops : national security and competing models of rights protection / C.R.G. Murray -- pt. III. International human rights law perspectives -- The rule of law and the role of human rights in contemporary international law / Elena Katselli -- The construction of the constitutional essentials of democratic politics by the European Court of Human Rights following Sejdić and Finci / Steven Wheatley -- Universal human rights : a challenge too far / Rob Dickinson -- pt. IV. Theoretical perspectives on human rights -- The reality and hyper-reality of human rights : public consciousness and the mass media / Eric Heinze -- Human rights and the struggle for change : a study in self-critical legal thought / Christine Bell -- Lawfare and the international human rights movement / Richard Mullender.
520 _a"Examining Critical Perspectives on Human Rights sets out a practical and theoretical overview of the future of human rights within the United Kingdom and beyond. A number of internationally renowned scholars respond to David Kennedy's contribution 'The International Human Rights Movement: Still Part of the Problem?' from a range of different perspectives. With its combination of theory and practice of international and domestic human rights at this key juncture in the human rights project, it is relevant to all scholars and practitioners with an interest in human rights"
650 0 _aHuman rights
_zGreat Britain.
_2BUEsh
651 _2BUEsh
653 _bLLAAWW
_cJuly2016
650 7 _911033
_aHuman rights
_2BUEsh
700 1 _aDickinson, Rob,
_d1952-
_eeditor.
_940451
942 _2ddc
999 _c22030
_d22002